000
00300nam a2200109Ia 4500
008
220214s9999 xx 000 0 und d
100
_a
Cockbain E.G
245
4
_a
The Aggregation of oil particles in emulsions
260
_b
Transactions of the Faraday Society
_c
1952
300
_a
185-196
942
_c
RE
999
_c
45986
_d
45986